| 000 | 00407cam a2200157ua 4500 | ||
|---|---|---|---|
| 041 |
_aeng _h |
||
| 082 |
_a823.308 _bSTE/SE |
||
| 100 | _aSterne, Laurence . | ||
| 245 |
_aSentimental journey: Journal to Eliza / _cLaurence Sterne. _hTextual Documents |
||
| 250 |
_a1 / _b. |
||
| 260 |
_aLondon : _bJ M Dent and Sons Ltd , _c1962. |
||
| 300 | _a230 ; . | ||
| 504 | _a | ||
| 942 | _cBK | ||
| 999 |
_c6889 _d6889 |
||